Statistics for U.S. City To County (Medium)

Click here to take the quiz!

General Stats

  • This quiz has been taken 15 times
  • The average score is 5 of 10

Answer Stats

CountyCity% Correct
ClarkLas Vegas
62%
FranklinColumbus
54%
HennepinMinneapolis
54%
OrangeOrlando
54%
WakeRaleigh
54%
TravisAustin
46%
MarionIndianapolis
46%
ShelbyMemphis
46%
HamiltonCincinnati/Chattanooga
38%
JeffersonLouisville/Birmingham
38%

Score Distribution

Percentile by Number Answered

Percent of People with Each Score

Your Score History

You have not taken this quiz